000 00295 a2200121 4500
003 Nust
005 20170207154019.0
040 _cNust
082 _a004.122
245 _aDeveloping Windows-Based Applications-(EBOOK)
_cmicrosoft net
650 _aDeveloping Windows-Based Applications
651 _aEBOOK
942 _2ddc
_cBK
999 _c191592
_d191592